Mítosz és utópia
Elmentve itt :
| Szerző: | |
|---|---|
| Dokumentumtípus: | Cikk |
| Megjelent: |
1998
|
| Sorozat: | Iskolakultúra
8 No. 2 |
| Online Access: | http://misc.bibl.u-szeged.hu/40758 |
| LEADER | 00550nab a2200169 i 4500 | ||
|---|---|---|---|
| 001 | misc40758 | ||
| 005 | 20191106141003.0 | ||
| 008 | 180709s1998 hu o 0|| zxx d | ||
| 022 | |a 1215-5233 | ||
| 040 | |a SZTE Miscellanea Repozitórium |b hun | ||
| 041 | |a zxx | ||
| 100 | 2 | |a T. Molnár Gizella | |
| 245 | 1 | 0 | |a Mítosz és utópia |h [elektronikus dokumentum] / |c T. Molnár Gizella |
| 260 | |c 1998 | ||
| 300 | |a 91-94 | ||
| 490 | 0 | |a Iskolakultúra |v 8 No. 2 | |
| 856 | 4 | 0 | |u http://misc.bibl.u-szeged.hu/40758/1/EPA00011_iskolakultura_1998_02_091-094.pdf |z Dokumentum-elérés |